[Event "CE Selecciones Autonómicas U14"]
[Site "Padrón"]
[Date "2017.06.25"]
[Round "6.1"]
[White "Yecora Entrena, Marcos"]
[Black "Gonzalez Guedes, Iyan"]
[Result "0-1"]
[WhiteElo "1398"]
[BlackElo "1851"]
[PlyCount "54"]
[EventDate "2017.06.22"]
[EventType ""]
[EventRounds "6"]
[EventCountry "ESP"]
[WhiteTeam "La Rioja (U14)"]
[BlackTeam "Asturias (U14)"]
[WhiteTeamCountry "ESP"]
[BlackTeamCountry "ESP"]

1. d4 Nf6 2. c4 g6 3. Nc3 Bg7 4. e4 d6 5. Nf3 O-O 6. Be2 e5 7. d5 Ne8 8. Be3 f5
9. exf5 gxf5 10. Qc2 e4 11. Ng5 f4 12. Nxh7 Kxh7 13. Qxe4+ Bf5 14. Qxf4 Nd7 15.
Kd2 Qf6 16. Qxf5+ Qxf5 17. Bd3 Qxd3+ 18. Kxd3 Ne5+ 19. Kd4 Ng4+ 20. Kd3 Nxf2+
21. Ke2 Ng4 22. Rac1 Nxe3 23. Kxe3 Bh6+ 24. Ke2 Bxc1 25. Rxc1 Nf6 26. h3 Rae8+
27. Kd3 Nh5 0-1

[Event "CE Selecciones Autonómicas U14"]
[Site "Padrón"]
[Date "2017.06.25"]
[Round "6.2"]
[White "Badillo Ramos, Steve"]
[Black "Saenz Villalta, Celia"]
[Result "1-0"]
[WhiteElo "1802"]
[BlackElo "1275"]
[PlyCount "79"]
[EventDate "2017.06.22"]
[EventType ""]
[EventRounds "6"]
[EventCountry "ESP"]
[WhiteTeam "Asturias (U14)"]
[BlackTeam "La Rioja (U14)"]
[WhiteTeamCountry "ESP"]
[BlackTeamCountry "ESP"]

1. e4 e5 2. Nf3 Nc6 3. Bc4 Nf6 4. Nc3 d6 5. d3 Bg4 6. Be3 Be7 7. Qd2 Bxf3 8.
gxf3 O-O 9. O-O-O Na5 10. Rhg1 g6 11. f4 exf4 12. Bxf4 Nxc4 13. dxc4 Re8 14.
Bg5 Nd7 15. Bxe7 Qxe7 16. Nd5 Qd8 17. Qc3 c6 18. Ne3 Qf6 19. Qxf6 Nxf6 20. f3
Rad8 21. Rd2 Re5 22. Rgd1 Kf8 23. Rxd6 Rxd6 24. Rxd6 Ke7 25. Rd3 Nd7 26. Ng4
Rc5 27. Kd2 Rxc4 28. Rxd7+ Kxd7 29. Ne5+ Ke6 30. Nxc4 b5 31. Ne3 Ke5 32. Ng2
Kf6 33. f4 Ke6 34. Ke3 f5 35. exf5+ Kxf5 36. Kf3 Ke6 37. Ke4 Kd6 38. Ne3 a6 39.
f5 gxf5+ 40. Kxf5 1-0

[Event "CE Selecciones Autonómicas U14"]
[Site "Padrón"]
[Date "2017.06.25"]
[Round "6.3"]
[White "Iglesias Abroma, Carla"]
[Black "Bermudez Revuelta, Paula"]
[Result "0-1"]
[WhiteElo "1224"]
[BlackElo "1712"]
[PlyCount "54"]
[EventDate "2017.06.22"]
[EventType ""]
[EventRounds "6"]
[EventCountry "ESP"]
[WhiteTeam "La Rioja (U14)"]
[BlackTeam "Asturias (U14)"]
[WhiteTeamCountry "ESP"]
[BlackTeamCountry "ESP"]

1. e4 c5 2. Nc3 Nc6 3. f4 g6 4. Bc4 e6 5. d3 Bg7 6. Nf3 Nge7 7. O-O O-O 8. Qe1
Na5 9. Bb3 Nxb3 10. axb3 d6 11. f5 exf5 12. Qh4 h5 13. Bg5 f6 14. Bf4 a6 15.
Ng5 d5 16. Nf3 dxe4 17. dxe4 fxe4 18. Nxe4 Nf5 19. Qe1 b6 20. Ng3 Re8 21. Rd1
Nd4 22. Qf2 Nxf3+ 23. Qxf3 Qe7 24. Qxa8 h4 25. Nh1 Bb7 26. Qa7 Qe4 27. Qxb6
Qxg2# 0-1

[Event "CE Selecciones Autonómicas U14"]
[Site "Padrón"]
[Date "2017.06.25"]
[Round "6.4"]
[White "Joglar Garcia, Maria"]
[Black "Fernandez Alvarez, Mario"]
[Result "1-0"]
[WhiteElo "1442"]
[BlackElo "1103"]
[PlyCount "127"]
[EventDate "2017.06.22"]
[EventType ""]
[EventRounds "6"]
[EventCountry "ESP"]
[WhiteTeam "Asturias (U14)"]
[BlackTeam "La Rioja (U14)"]
[WhiteTeamCountry "ESP"]
[BlackTeamCountry "ESP"]

1. d4 Nf6 2. Nf3 e6 3. e3 d5 4. Bd3 Bd6 5. b3 Nbd7 6. Bb2 O-O 7. O-O Re8 8. Ne5
c5 9. Nd2 Qc7 10. f4 cxd4 11. exd4 b6 12. Rf3 Nh5 13. Rf2 Nhf6 14. Qf3 Bb7 15.
Re1 a5 16. c3 a4 17. b4 a3 18. Ba1 Ba6 19. Bb1 b5 20. g4 g6 21. g5 Nh5 22. Nf1
Nb6 23. Ng3 Ng7 24. h4 Nf5 25. h5 Na4 26. hxg6 fxg6 27. Rh2 Nxg3 28. Qxg3 Nb6
29. Qh4 Qg7 30. Rf1 Rf8 31. Rf3 Nc4 32. Rfh3 Bxe5 33. dxe5 Ra7 34. Qg4 Bc8 35.
Qg3 Raf7 36. Rh4 Nxe5 37. Kf2 Nc4 38. Bd3 Bb7 39. Kg1 e5 40. f5 gxf5 41. g6
Qxg6 42. Qxg6+ hxg6 43. Rh8+ Kg7 44. R2h7+ Kf6 45. Rxf8 Rxf8 46. Rxb7 Nd6 47.
Rb6 Ke7 48. Bxb5 Nxb5 49. Rxb5 Ke6 50. Rb6+ Kf7 51. Rd6 d4 52. cxd4 exd4 53.
Rxd4 Rc8 54. Rd1 Rc2 55. Rb1 Rxa2 56. b5 Rd2 57. b6 a2 58. Rc1 Rd8 59. Kf2 Ke6
60. Ke3 Kd5 61. Rd1+ Kc6 62. Rxd8 Kxb6 63. Rd6+ Kc5 64. Rxg6 1-0

[Event "CE Selecciones Autonómicas U14"]
[Site "Padrón"]
[Date "2017.06.25"]
[Round "6.1"]
[White "Perez Guerra, Raul"]
[Black "Amengual Perello, Jordi"]
[Result "1-0"]
[WhiteElo "1951"]
[BlackElo "1728"]
[PlyCount "89"]
[EventDate "2017.06.22"]
[EventType ""]
[EventRounds "6"]
[EventCountry "ESP"]
[WhiteTeam "Canarias (U14)"]
[BlackTeam "Baleares (U14)"]
[WhiteTeamCountry "ESP"]
[BlackTeamCountry "ESP"]

1. e4 e5 2. Nf3 Nf6 3. Nxe5 d6 4. Nf3 Nxe4 5. Nc3 Nxc3 6. dxc3 Be7 7. Be3 Nc6
8. Qd2 Be6 9. Bd3 Qd7 10. O-O-O a6 11. Rhe1 O-O-O 12. Nd4 Rhe8 13. Qe2 Nxd4 14.
Bxd4 Qa4 15. a3 Bg5+ 16. Be3 Bxe3+ 17. Qxe3 Bg4 18. Qa7 Qf4+ 19. Kb1 Bxd1 20.
Rxd1 g6 21. Qa8+ Kd7 22. Qxb7 Rb8 23. Qxa6 Qe5 24. f4 Qc5 25. f5 Ke7 26. Qa4
Kf8 27. Ka1 Qe5 28. Rf1 Kg8 29. Rf3 Qe1+ 30. Ka2 Qc1 31. b4 Ra8 32. Qb3 Re1 33.
Qb2 Qd2 34. fxg6 hxg6 35. Qb3 Rf8 36. Bxg6 Re7 37. Rg3 Kh8 38. Bd3 Re3 39. Rxe3
Qxe3 40. Qc4 Qh6 41. h3 Rc8 42. Qxf7 c6 43. Qg6 Qh4 44. Qxd6 c5 45. Qe5+ 1-0

[Event "CE Selecciones Autonómicas U14"]
[Site "Padrón"]
[Date "2017.06.25"]
[Round "6.2"]
[White "Ponseti Lluch, Joan"]
[Black "Rodriguez Redondo, Adhara"]
[Result "1-0"]
[WhiteElo "1595"]
[BlackElo "1782"]
[PlyCount "53"]
[EventDate "2017.06.22"]
[EventType ""]
[EventRounds "6"]
[EventCountry "ESP"]
[WhiteTeam "Baleares (U14)"]
[BlackTeam "Canarias (U14)"]
[WhiteTeamCountry "ESP"]
[BlackTeamCountry "ESP"]

1. Nf3 d5 2. c4 e6 3. b3 Nf6 4. Bb2 Be7 5. g3 Nbd7 6. Bg2 O-O 7. O-O b6 8. e3
Bb7 9. cxd5 exd5 10. Nc3 c5 11. d4 Rc8 12. dxc5 bxc5 13. Qe2 Qc7 14. Rfd1 Qb8
15. Rac1 Rfe8 16. Qd2 Qa8 17. Ne1 Nb6 18. a4 a5 19. Bh3 Rcd8 20. Nb5 Ne4 21.
Qc2 Bd6 22. Nxd6 Rxd6 23. Bg2 c4 24. Bxe4 Rxe4 25. Qxe4 d4 26. Qf4 Rf6 27. Qxd4
1-0

[Event "CE Selecciones Autonómicas U14"]
[Site "Padrón"]
[Date "2017.06.25"]
[Round "6.3"]
[White "Guillermo Gonzalez, Alvaro"]
[Black "Bagur Bosch, Maria"]
[Result "1-0"]
[WhiteElo "1659"]
[BlackElo "1498"]
[PlyCount "121"]
[EventDate "2017.06.22"]
[EventType ""]
[EventRounds "6"]
[EventCountry "ESP"]
[WhiteTeam "Canarias (U14)"]
[BlackTeam "Baleares (U14)"]
[WhiteTeamCountry "ESP"]
[BlackTeamCountry "ESP"]

1. e4 c5 2. Nf3 Nc6 3. d4 cxd4 4. Nxd4 g6 5. c4 Bg7 6. Be3 Nf6 7. Nc3 O-O 8.
Be2 d6 9. O-O Bd7 10. Qd2 Nxd4 11. Bxd4 Bc6 12. f3 a5 13. Rfd1 Nd7 14. Bxg7
Kxg7 15. Rac1 Nc5 16. b3 Qb6 17. Kh1 a4 18. Rb1 axb3 19. axb3 Qb4 20. Nd5 Qxd2
21. Rxd2 Bxd5 22. exd5 Ra3 23. Rdb2 Rfa8 24. Kg1 Ra1 25. b4 Nd7 26. Kf2 b6 27.
Ke3 Rxb1 28. Rxb1 Ra3+ 29. Kd4 Ra2 30. Ke3 Ra3+ 31. Kd4 Ra2 32. Re1 Kf6 33. f4
g5 34. g3 gxf4 35. gxf4 e6 36. h3 Ra4 37. Kc3 Ra3+ 38. Kd4 Rxh3 39. Bg4 Rh4 40.
dxe6 Nb8 41. exf7 Kxf7 42. Be6+ Kf6 43. b5 Rxf4+ 44. Kd5 h5 45. Kxd6 h4 46. Kc7
Nd7 47. Kxd7 Rd4+ 48. Kc7 h3 49. Bd5 Rh4 50. Kxb6 Kg7 51. Kc7 h2 52. b6 Kf6 53.
b7 Rh7+ 54. Kb6 Rh8 55. c5 Kf5 56. c6 Rd8 57. c7 Rxd5 58. c8=Q+ Kf4 59. b8=Q+
Kg5 60. Qg3+ Kh6 61. Qh8# 1-0

[Event "CE Selecciones Autonómicas U14"]
[Site "Padrón"]
[Date "2017.06.25"]
[Round "6.4"]
[White "Antich Fernandez, Marta Isabel"]
[Black "Perez Garcia, Jimena"]
[Result "1/2-1/2"]
[WhiteElo "1259"]
[BlackElo "1551"]
[PlyCount "45"]
[EventDate "2017.06.22"]
[EventType ""]
[EventRounds "6"]
[EventCountry "ESP"]
[WhiteTeam "Baleares (U14)"]
[BlackTeam "Canarias (U14)"]
[WhiteTeamCountry "ESP"]
[BlackTeamCountry "ESP"]

1. d4 Nf6 2. c4 g6 3. Nc3 Bg7 4. e4 d6 5. Nf3 O-O 6. Be2 e5 7. Be3 Nbd7 8. O-O
exd4 9. Nxd4 Nc5 10. Bf3 Re8 11. Qc2 Qe7 12. Bg5 a5 13. Nd5 Qd8 14. Nb5 Ne6 15.
e5 Nxg5 16. exf6 Nxf3+ 17. gxf3 Bf8 18. Nbxc7 Re5 19. Nxa8 Bh3 20. Rfe1 Rg5+
21. Kh1 Bg2+ 22. Kg1 Bh3+ 23. Kh1 1/2-1/2

[Event "CE Selecciones Autonómicas U14"]
[Site "Padrón"]
[Date "2017.06.25"]
[Round "6.1"]
[White "Reguillaga Elias, Manex"]
[Black "Tabuenca Mendataurigoitia, Pedro"]
[Result "1-0"]
[WhiteElo "1817"]
[BlackElo "1451"]
[PlyCount "93"]
[EventDate "2017.06.22"]
[EventType ""]
[EventRounds "6"]
[EventCountry "ESP"]
[WhiteTeam "Euskadi (U14)"]
[BlackTeam "Cantabria (U14)"]
[WhiteTeamCountry "ESP"]
[BlackTeamCountry "ESP"]

1. d4 Nf6 2. c4 c5 3. d5 b5 4. cxb5 a6 5. bxa6 Bxa6 6. Nc3 g6 7. e4 Bxf1 8.
Kxf1 d6 9. Nf3 Bg7 10. g3 O-O 11. Kg2 Nbd7 12. a4 Qb6 13. Qc2 Rfb8 14. Nb5 Ne8
15. Bd2 Nc7 16. Nxc7 Qxc7 17. Bc3 Qb7 18. Bxg7 Kxg7 19. Rhb1 Qb3 20. Qxb3 Rxb3
21. Nd2 Rb4 22. b3 Rd4 23. Rb2 f5 24. Re1 Kf7 25. Nf3 Rxe4 26. Ng5+ Kg8 27.
Nxe4 fxe4 28. Rxe4 Nf6 29. Rf4 Kg7 30. Rd2 Rb8 31. Rd3 Nd7 32. Re4 Ne5 33. Rde3
g5 34. h4 gxh4 35. gxh4 h5 36. Rg3+ Kh6 37. f4 Ng6 38. Re6 Kh7 39. Rexg6 Rb7
40. f5 Rb4 41. R3g5 Rxh4 42. Rg7+ Kh8 43. Rxe7 Rb4 44. f6 Rxb3 45. Rxh5+ Kg8
46. Rg7+ Kf8 47. Rh8# 1-0

[Event "CE Selecciones Autonómicas U14"]
[Site "Padrón"]
[Date "2017.06.25"]
[Round "6.2"]
[White "Abian Lopez, Marta"]
[Black "Svyatoslav, Vorobyev"]
[Result "0-1"]
[WhiteElo "1169"]
[BlackElo "1781"]
[PlyCount "132"]
[EventDate "2017.06.22"]
[EventType ""]
[EventRounds "6"]
[EventCountry "ESP"]
[WhiteTeam "Cantabria (U14)"]
[BlackTeam "Euskadi (U14)"]
[WhiteTeamCountry "ESP"]
[BlackTeamCountry "ESP"]

1. e4 e6 2. d4 d5 3. exd5 exd5 4. Bd3 Bd6 5. Nf3 Ne7 6. O-O O-O 7. h3 Bf5 8.
Bg5 f6 9. Be3 Qd7 10. Nc3 c6 11. Ne2 Bxd3 12. Qxd3 Qc7 13. Rfe1 Nd7 14. Qd2 Ng6
15. Rad1 Rfe8 16. b3 a5 17. c4 Bb4 18. Nc3 dxc4 19. bxc4 Nb6 20. Qb2 Nxc4 21.
Qb3 Qf7 22. Nd2 Nxe3 23. Qxf7+ Kxf7 24. Rxe3 Rxe3 25. fxe3 Bxc3 26. Ne4 Bb4 27.
Rb1 Re8 28. Rxb4 axb4 29. Nd6+ Ke7 30. Nxe8 Kxe8 31. Kf2 Ke7 32. Kf3 Ke6 33.
Ke4 f5+ 34. Kd3 Kd5 35. g4 fxg4 36. hxg4 b5 37. e4+ Kd6 38. Kc2 c5 39. Kb3 Nf4
40. dxc5+ Kxc5 41. a3 bxa3 42. Kxa3 b4+ 43. Kb3 Ne6 44. e5 Nd4+ 45. Kb2 Kc4 46.
Kb1 Kb3 47. Kc1 Ka2 48. Kd2 b3 49. Kd3 Ne6 50. Kc4 b2 51. Kd5 Nd8 52. e6 Nxe6
53. Kxe6 b1=Q 54. Kf7 Qg6+ 55. Ke7 Qxg4 56. Kd6 h5 57. Ke5 h4 58. Kd5 h3 59.
Ke5 h2 60. Kd5 h1=R 61. Ke5 Rh5+ 62. Kd6 Qg6+ 63. Ke7 Ra5 64. Kd7 Ra7+ 65. Kd8
Qf7 66. Kc8 Qc7# 0-1

[Event "CE Selecciones Autonómicas U14"]
[Site "Padrón"]
[Date "2017.06.25"]
[Round "6.1"]
[White "Jaramago Ledo, Javier"]
[Black "Fernandez Garcia, Gumersindo"]
[Result "0-1"]
[WhiteElo "1535"]
[BlackElo "1847"]
[PlyCount "110"]
[EventDate "2017.06.22"]
[EventType ""]
[EventRounds "6"]
[EventCountry "ESP"]
[WhiteTeam "Extremadura (U14)"]
[BlackTeam "Castilla y Leon (U14)"]
[WhiteTeamCountry "ESP"]
[BlackTeamCountry "ESP"]

1. d4 d5 2. c4 c6 3. Bf4 Nf6 4. e3 Bf5 5. Nf3 e6 6. Be2 Bxb1 7. Qxb1 Bb4+ 8.
Kf1 h6 9. h4 Rg8 10. Qc2 Bd6 11. Bxd6 Qxd6 12. g3 Nbd7 13. a3 Ne4 14. Rc1 f5
15. cxd5 exd5 16. Bd3 Ndf6 17. Ne5 Nd7 18. Nxd7 Kxd7 19. Bxe4 fxe4 20. Qe2 Qe6
21. Ke1 Raf8 22. Rf1 Rf3 23. Rc2 Rgf8 24. Rd2 Qd6 25. Rc2 g5 26. hxg5 hxg5 27.
Rh1 Qf6 28. Rh2 Rh8 29. Rxh8 Qxh8 30. Kd1 Qh2 31. Qe1 g4 32. Re2 Rf8 33. Kc2 b6
34. Kd2 Rh8 35. Kc3 Qh1 36. Qxh1 Rxh1 37. b4 Kd6 38. Rc2 Rd1 39. Rd2 Rxd2 40.
Kxd2 c5 41. Kc3 cxb4+ 42. Kxb4 Kc6 43. Kb3 Kb5 44. a4+ Ka5 45. Ka3 b5 46. axb5
Kxb5 47. Kb3 a5 48. Kc3 a4 49. Kb2 Kb4 50. Kc1 Kb3 51. Kb1 a3 52. Ka1 a2 53. f4
gxf3 54. g4 f2 55. g5 f1=Q# 0-1

[Event "CE Selecciones Autonómicas U14"]
[Site "Padrón"]
[Date "2017.06.25"]
[Round "6.2"]
[White "Gutierrez Guillen, Alvaro Jose"]
[Black "Gonzalez Munoz, Angel"]
[Result "1-0"]
[WhiteElo "1561"]
[BlackElo "1408"]
[PlyCount "71"]
[EventDate "2017.06.22"]
[EventType ""]
[EventRounds "6"]
[EventCountry "ESP"]
[WhiteTeam "Castilla y Leon (U14)"]
[BlackTeam "Extremadura (U14)"]
[WhiteTeamCountry "ESP"]
[BlackTeamCountry "ESP"]

1. c4 Nf6 2. d4 d6 3. Nc3 g6 4. Nf3 Bg7 5. Bg5 h6 6. Bh4 O-O 7. e3 Nbd7 8. Be2
c5 9. O-O Re8 10. Qc2 Qc7 11. Rad1 a6 12. Bg3 Nh5 13. dxc5 Nxg3 14. hxg3 Qxc5
15. Nd4 Rb8 16. Nd5 Nf6 17. b4 Qa7 18. Qa4 Nd7 19. Nb5 Qa8 20. Nbc7 Qa7 21.
Nxe8 Nb6 22. Nxb6 Qxb6 23. Nxg7 Kxg7 24. Qa5 Qc6 25. Qd5 Qe8 26. Qd4+ Kh7 27.
c5 d5 28. Qxd5 Be6 29. Qd4 f6 30. Bc4 Bxc4 31. Qxc4 Rc8 32. Rd2 h5 33. Rfd1 Kh6
34. Qe6 Rc6 35. Rd6 Rxd6 36. cxd6 1-0

[Event "CE Selecciones Autonómicas U14"]
[Site "Padrón"]
[Date "2017.06.25"]
[Round "6.1"]
[White "Cespedes Llaverias, Llibert"]
[Black "Alonso Garcia, Aaron"]
[Result "0-1"]
[WhiteElo "2004"]
[BlackElo "2121"]
[PlyCount "74"]
[EventDate "2017.06.22"]
[EventType ""]
[EventRounds "6"]
[EventCountry "ESP"]
[WhiteTeam "Catalunya (U14)"]
[BlackTeam "Murcia (U14)"]
[WhiteTeamCountry "ESP"]
[BlackTeamCountry "ESP"]

1. e4 g6 2. d4 Bg7 3. Nc3 d6 4. Be3 a6 5. Qd2 b5 6. f3 Bb7 7. O-O-O Nd7 8. h4
h5 9. Nh3 e6 10. Ng5 Ngf6 11. Kb1 Qe7 12. g3 Nb6 13. Qf2 Rc8 14. d5 exd5 15.
Bxb6 cxb6 16. Nxd5 Nxd5 17. exd5 O-O 18. Bh3 Rc5 19. Rhe1 Qf6 20. c3 Bxd5 21.
Ne4 Bxe4+ 22. Rxe4 d5 23. Red4 Rd8 24. f4 a5 25. a3 Qd6 26. R4d3 b4 27. axb4
axb4 28. cxb4 Rb5 29. Bg2 Qxb4 30. R1d2 d4 31. Be4 Rc8 32. Rf3 Rbc5 33. Rc2 Rc3
34. f5 d3 35. Rxc3 Rxc3 36. Bxd3 Rb3 37. Bc2 Rxf3 0-1

[Event "CE Selecciones Autonómicas U14"]
[Site "Padrón"]
[Date "2017.06.25"]
[Round "6.2"]
[White "Blesa Fernandez, Ignacio"]
[Black "Masague Artero, Guerau"]
[Result "1-0"]
[WhiteElo "1759"]
[BlackElo "1996"]
[PlyCount "93"]
[EventDate "2017.06.22"]
[EventType ""]
[EventRounds "6"]
[EventCountry "ESP"]
[WhiteTeam "Murcia (U14)"]
[BlackTeam "Catalunya (U14)"]
[WhiteTeamCountry "ESP"]
[BlackTeamCountry "ESP"]

1. e4 c5 2. Nf3 Nc6 3. d4 cxd4 4. Nxd4 g6 5. Nc3 Bg7 6. Be3 Nf6 7. Bc4 O-O 8.
Bb3 d6 9. f3 Bd7 10. h4 h5 11. Qd2 Ne5 12. O-O-O a5 13. a3 a4 14. Ba2 b5 15.
Nd5 e6 16. Nxf6+ Bxf6 17. Bg5 Nc4 18. Bxc4 bxc4 19. c3 Ra5 20. Bxf6 Qxf6 21.
Nc2 Ra6 22. Nb4 Rb6 23. Qe3 Rfb8 24. e5 Qe7 25. exd6 Rxd6 26. Nd5 Rxd5 27. Rxd5
Bc6 28. Rd4 Qb7 29. Qd2 Bd5 30. Rd1 Qb3 31. Qc2 Qb5 32. R1d2 Rd8 33. Qd1 Rb8
34. g4 Rb7 35. gxh5 gxh5 36. f4 f5 37. Qxh5 Rg7 38. Qd1 Rg4 39. Rxd5 exd5 40.
Rxd5 Qb6 41. Rd8+ Kg7 42. Qd7+ Kg6 43. h5+ Kxh5 44. Rh8+ Kg6 45. Qh7+ Kf6 46.
Rf8+ Ke6 47. Qh6+ 1-0

[Event "CE Selecciones Autonómicas U14"]
[Site "Padrón"]
[Date "2017.06.25"]
[Round "6.3"]
[White "Ros Alonso, Joana"]
[Black "Jimenez Fernandez, Rebeca"]
[Result "0-1"]
[WhiteElo "1961"]
[BlackElo "1697"]
[PlyCount "80"]
[EventDate "2017.06.22"]
[EventType ""]
[EventRounds "6"]
[EventCountry "ESP"]
[WhiteTeam "Catalunya (U14)"]
[BlackTeam "Murcia (U14)"]
[WhiteTeamCountry "ESP"]
[BlackTeamCountry "ESP"]

1. e4 g6 2. d4 Bg7 3. Nc3 d6 4. Be3 a6 5. Qd2 b5 6. f3 Bb7 7. h4 h5 8. Nh3 Nd7
9. Nf2 Ngf6 10. O-O-O Nb6 11. Bd3 e6 12. Kb1 Qe7 13. Bg5 e5 14. dxe5 dxe5 15.
f4 O-O 16. f5 c5 17. Nd5 Nbxd5 18. exd5 c4 19. Be4 Nxe4 20. Bxe7 Nxd2+ 21. Rxd2
Rfe8 22. f6 Bh6 23. Rdd1 Bf8 24. d6 Bxg2 25. Rhg1 Bf3 26. Rde1 Bxe7 27. fxe7 f6
28. Rxg6+ Kf7 29. Rg3 Bd5 30. Reg1 Ke6 31. Rg6 Kxd6 32. Rxf6+ Kxe7 33. Rh6 Bf3
34. Rg7+ Kd8 35. Rf7 e4 36. Rhh7 e3 37. Rd7+ Kc8 38. Rc7+ Kb8 39. Nh3 e2 40.
Rce7 e1=Q+ 0-1

[Event "CE Selecciones Autonómicas U14"]
[Site "Padrón"]
[Date "2017.06.25"]
[Round "6.4"]
[White "Ruiz Pardo, Claudia"]
[Black "Povill Claros, Laura"]
[Result "0-1"]
[WhiteElo "1588"]
[BlackElo "1788"]
[PlyCount "120"]
[EventDate "2017.06.22"]
[EventType ""]
[EventRounds "6"]
[EventCountry "ESP"]
[WhiteTeam "Murcia (U14)"]
[BlackTeam "Catalunya (U14)"]
[WhiteTeamCountry "ESP"]
[BlackTeamCountry "ESP"]

1. e4 c5 2. Nf3 Nc6 3. c4 g6 4. d4 cxd4 5. Nxd4 Bg7 6. Be3 Nf6 7. Nc3 O-O 8.
Be2 d6 9. O-O Bd7 10. f3 Nxd4 11. Bxd4 Bc6 12. Qd2 Nd7 13. Bxg7 Kxg7 14. Kh1 a5
15. b3 Nc5 16. Qe3 e5 17. Rad1 Qe7 18. Qd2 Rfd8 19. Qb2 Ne6 20. Rde1 Nd4 21. f4
f6 22. Bd3 Rf8 23. Qf2 Rae8 24. Qg3 exf4 25. Qxf4 Qe5 26. Qxe5 Rxe5 27. Nd5
Bxd5 28. exd5 Rfe8 29. Rxe5 Rxe5 30. Kg1 Re3 31. Bb1 Re2 32. Rd1 Nc2 33. Kf1
Rxg2 34. Kxg2 Ne3+ 35. Kf3 Nxd1 36. Bc2 Nc3 37. a3 b5 38. h4 Kh6 39. Be4 bxc4
40. bxc4 Na4 41. Kg3 Nc5 42. Bc2 Kg7 43. Kg4 h6 44. h5 f5+ 45. Kf4 gxh5 46.
Kxf5 h4 47. Kg4 Kf6 48. Kxh4 Ke5 49. Kh5 Kd4 50. Bg6 Kxc4 51. Bf7 Kb3 52. Kxh6
Kxa3 53. Be8 Kb4 54. Bc6 a4 55. Bxa4 Nxa4 56. Kg5 Kc5 57. Kf4 Kxd5 58. Ke3 Kc4
59. Ke4 d5+ 60. Ke3 Kc3 0-1

[Event "CE Selecciones Autonómicas U14"]
[Site "Padrón"]
[Date "2017.06.25"]
[Round "6.1"]
[White "Aledo Yanguas, David"]
[Black "Fernandez Lopez, Ruben"]
[Result "0-1"]
[WhiteElo "2015"]
[BlackElo "1982"]
[PlyCount "100"]
[EventDate "2017.06.22"]
[EventType ""]
[EventRounds "6"]
[EventCountry "ESP"]
[WhiteTeam "Valencia (U14)"]
[BlackTeam "Galicia (U14)"]
[WhiteTeamCountry "ESP"]
[BlackTeamCountry "ESP"]

1. e4 c5 2. c3 Nf6 3. e5 Nd5 4. d4 cxd4 5. cxd4 e6 6. Nc3 Nxc3 7. bxc3 Qc7 8.
Qc2 b6 9. Bd3 h6 10. Be3 Bb7 11. f3 d6 12. exd6 Bxd6 13. Ne2 Nd7 14. Qd2 e5 15.
Rc1 a6 16. Kf2 Nf6 17. dxe5 Bxe5 18. Bd4 O-O 19. Ng3 Bf4 20. Qc2 Bxc1 21. Bxf6
gxf6 22. Qxc1 Qc5+ 23. Kf1 Qg5 24. f4 Qd5 25. Qc2 Rad8 26. Be2 Qxg2+ 27. Ke1
Rfe8 28. Rf1 Bf3 29. Rf2 Qg1+ 30. Rf1 Qe3 31. Rf2 Bxe2 32. Nxe2 Qe4 33. Qc1
Qh1+ 34. Rf1 Qxh2 35. Qc2 Re3 36. Rf2 Qg1+ 37. Rf1 Qg3+ 38. Rf2 Rde8 39. Kf1
Rxe2 40. Rxe2 Qf3+ 41. Ke1 Rxe2+ 42. Qxe2 Qxe2+ 43. Kxe2 Kf8 44. c4 Ke7 45. Kf3
Ke6 46. Kg4 h5+ 47. Kg3 Kf5 48. a4 a5 49. Kh4 Kxf4 50. Kxh5 f5 0-1

[Event "CE Selecciones Autonómicas U14"]
[Site "Padrón"]
[Date "2017.06.25"]
[Round "6.2"]
[White "Ferreno Sanmartin, Angel"]
[Black "Carbonell Sancho, Marc"]
[Result "1/2-1/2"]
[WhiteElo "1958"]
[BlackElo "1921"]
[PlyCount "96"]
[EventDate "2017.06.22"]
[EventType ""]
[EventRounds "6"]
[EventCountry "ESP"]
[WhiteTeam "Galicia (U14)"]
[BlackTeam "Valencia (U14)"]
[WhiteTeamCountry "ESP"]
[BlackTeamCountry "ESP"]

1. e4 e6 2. d4 d5 3. Nd2 c5 4. exd5 Qxd5 5. Ngf3 Nf6 6. Bc4 Qd8 7. O-O cxd4 8.
Nb3 Be7 9. Nbxd4 a6 10. a4 O-O 11. b3 b6 12. Bb2 Bb7 13. Qe2 Nc6 14. Rad1 Qc7
15. Rfe1 Nxd4 16. Nxd4 Rfe8 17. h3 Rad8 18. Bxa6 Bxa6 19. Qxa6 e5 20. Nf5 Bb4
21. c3 Bxc3 22. Rc1 Qd7 23. Nh6+ gxh6 24. Bxc3 Nd5 25. Qd3 f6 26. Rcd1 Qf7 27.
Qc4 Nxc3 28. Qxc3 Qb7 29. Rxd8 Rxd8 30. Rc1 Kg7 31. Qc7+ Qxc7 32. Rxc7+ Kg6 33.
Rc6 Rb8 34. Kf1 h5 35. Ke2 h4 36. Kd3 Kg5 37. Kc4 f5 38. Re6 e4 39. Kb5 h5 40.
Rxb6 Rxb6+ 41. Kxb6 f4 42. a5 e3 43. fxe3 fxe3 44. a6 e2 45. a7 e1=Q 46. a8=Q
Qb4+ 47. Kc7 Qe7+ 48. Kb6 Qb4+ 1/2-1/2

[Event "CE Selecciones Autonómicas U14"]
[Site "Padrón"]
[Date "2017.06.25"]
[Round "6.3"]
[White "Sanleon Pravisano, Nieves"]
[Black "Quintas Fernandez, Marta"]
[Result "1-0"]
[WhiteElo "1838"]
[BlackElo "1376"]
[PlyCount "123"]
[EventDate "2017.06.22"]
[EventType ""]
[EventRounds "6"]
[EventCountry "ESP"]
[WhiteTeam "Valencia (U14)"]
[BlackTeam "Galicia (U14)"]
[WhiteTeamCountry "ESP"]
[BlackTeamCountry "ESP"]

1. d4 d5 2. c4 e6 3. Nf3 Nf6 4. Nc3 Be7 5. Bf4 a6 6. e3 O-O 7. h3 Nbd7 8. Bd3
b6 9. O-O Bb7 10. Rc1 c5 11. cxd5 Nxd5 12. Bh2 N7f6 13. Bb1 Re8 14. Qe2 Nxc3
15. bxc3 Ne4 16. Rfd1 Qc8 17. Ne5 Bf6 18. Nc4 Qc6 19. f3 Ng5 20. Nd6 Red8 21.
Nxb7 Qxb7 22. h4 Nxf3+ 23. gxf3 Qe7 24. h5 g6 25. Kh1 Kg7 26. Rg1 Rh8 27. Bf4
Rhd8 28. Qh2 Rh8 29. Rg2 cxd4 30. cxd4 Rad8 31. Be4 Qd7 32. Rc7 Qb5 33. hxg6
hxg6 34. Rxg6+ Kf8 35. Rh6 Rxh6 36. Qxh6+ Bg7 37. Qg5 Qf1+ 38. Qg1 Qh3+ 39. Bh2
Bf6 40. Qg2 Qh6 41. f4 Qh5 42. Bf3 Qh6 43. Kg1 Qh7 44. Rc1 Qh6 45. Qg4 Qh7 46.
Qg2 Qh6 47. Kf2 Qh7 48. Bg3 Ke8 49. Bc6+ Kf8 50. Qe4 Qg7 51. Rh1 Kg8 52. Rg1
Kf8 53. Qd3 a5 54. Bf3 Rc8 55. Rh1 Kg8 56. Bh4 Bxh4+ 57. Rxh4 f5 58. Qb3 Qf7
59. Rh6 Re8 60. Bh5 Qf8 61. Rxe6 Rxe6 62. Qxe6+ 1-0